Hittmár, Š., Strišš, J.: Manažment a marketing v železničnej doprave

Recenzia monografie Manažment a marketing v železničnej doprave od Hittmára, Š. a Strišša, J. Hlavným poslaním publikácie je synteticky predložiť základné teoretické poznatky a špecifiká manažmentu a marketingu v doprave.

Enregistré dans:
Détails bibliographiques
Auteur principal: Štefánik, Ján
Autres auteurs: Hittmár, Štefan, Strišš, J.
Format: Chapitre de livre
Langue:slovaque
Sujets:
Tags: Ajouter un tag
Pas de tags, Soyez le premier à ajouter un tag!

MARC

LEADER 00000naa a2200000 4500
001 r032166
005 20230918075401.0
041 0 |a slo 
044 |a SK 
245 1 0 |a Hittmár, Š., Strišš, J.: Manažment a marketing v železničnej doprave  |c Ján Štefánik, Š. Hittmár, J. Strišš 
520 |a Recenzia monografie Manažment a marketing v železničnej doprave od Hittmára, Š. a Strišša, J. Hlavným poslaním publikácie je synteticky predložiť základné teoretické poznatky a špecifiká manažmentu a marketingu v doprave. 
610 2 0 |a doprava 
610 2 0 |a doprava železničná 
610 2 0 |a recenzie 
610 2 0 |a manažment 
610 2 0 |a marketing 
100 1 |a Štefánik, Ján 
700 1 |a Hittmár, Štefan 
700 1 |a Strišš, J.